| 000 | 00727nam a2200277Ia 4500 | ||
|---|---|---|---|
| 003 | 0100 | ||
| 008 | 130303s9999 xx 000 0 und d | ||
| 020 | _a0262082179 | ||
| 040 | _cARRUPELIB | ||
| 050 | _aBJ1114.H264 1993 | ||
| 100 | _aHabermas, Jurgen | ||
| 245 | _aJustification and application | ||
| 245 | _bremarks on discourse ethics | ||
| 260 | _aCambridge | ||
| 260 | _bMIT Press | ||
| 260 | _C1993 | ||
| 300 | _axxxi | ||
| 300 | _b 197p. 24cm. | ||
| 440 | _aDiscourse Ethics, IV. | ||
| 650 | _aETHICS | ||
| 650 | _bAfro-American men--Louisiana--Fiction | ||
| 650 | _cDeath row inmates--Louisiana--Ficition | ||
| 650 | _dFriendship--Louisiana--Ficition | ||
| 700 | _aCronin, Ciaran | ||
| 942 | 0 | 0 | _06 |
| 999 |
_c19084 _d19084 |
||